000 00548nam a2200181Ia 4500
008 090123s9999 xx 000 0 und d
082 _b38559
100 _aढसाळ नामदेव
245 _aगांडु बगीचा
250 _a0
260 _bआंबेडकर प्रबोधीनी
_c1986
300 _a80
600 _aढसाळ नामदेव
630 _aगांडु बगीचा
700 _aढसाळ नामदेव
730 _aगांडु बगीचा
942 _cBOOK
999 _c76628
_d76628